| 000 | 00398nam a22001697a 4500 | ||
|---|---|---|---|
| 999 |
_c16744 _d16744 |
||
| 003 | NUST | ||
| 005 | 20190520092315.0 | ||
| 008 | 131217t xxu||||| |||| 00| 0 eng d | ||
| 020 | _a0-552-14951-9 | ||
| 038 | _aASAB | ||
| 082 | _aFic | ||
| 100 |
_aDan Brown _99709 |
||
| 245 |
_aThe Da Vinci Code _cby Dan Brown. |
||
| 260 |
_aLondon. _bCorgi Books. _c2003. |
||
| 300 | _a604 P. | ||
| 942 |
_2ddc _cBK |
||